Mimicking nature fire : : restoring fire prone forests in the West

Bibliographic Details
Other Authors: Arno, Stephen F, Fiedler, Carl E
Format: Book
Published: USA : Island Press , 2005
Subjects:

MARC

LEADER 00000cam a2200000 7i4500
001 0000004062
005 20160118.0
020 0 0 |a 1559631430 
090 0 0 |a 577.240978   |b FIRE 2005 
245 1 4 |a Mimicking nature fire : :   |b restoring fire prone forests in the West   |c Stephen F. Arno, Carl E. Fiedler 
260 0 0 |a USA :   |b Island Press ,   |c 2005 
300 |a xviii, 242 p. ;   |c 23 cm. 
500 0 0 |a Includes index and biblography 
650 0 0 |a Fire ecology---West 
650 0 0 |a Forests and forestry--fire management---West (U.S) 
700 0 1 |a Arno, Stephen F 
700 0 1 |a Fiedler, Carl E 
998 |a JPSM 
999 |a 007893   |b Monograph   |c Open Shelf   |e Default branch